Countries and Cities of Future Events - Statistics

General Stats
  • This quiz has been taken 160 times
  • The average score is 15 of 23
Answer Stats
Answer % Correct
United States
96%
Canada
89%
Los Angeles
88%
Mexico
86%
France
80%
Inglewood
80%
Spain
80%
Italy
79%
Portugal
75%
Morocco
71%
Australia
68%
Saudi Arabia
68%
Switzerland
64%
Brisbane
61%
Milan / Cortina d'Ampezzo
60%
Riyadh
54%
Salt Lake City
50%
Basel
46%
Atlanta
41%
Santa Clara
41%
South Africa
29%
Johannesburg
26%
French Alps
23%
No matching quizzes found
Score Distribution
Percent of People with Each Score
Percentile by Number Answered
Your Score History
You have not taken this quiz